Famous Suicides - Sudden Death - Statistics

General Stats
  • This quiz has been taken 1,173 times
    476 since last reset
  • The average score is 8 of 26
Answers on the Grid
Answers color-coded by a green-red scale on the quiz's grid according to % correct below.
Cleopatra
Adolf Hitler
Steve Jobs
Mark Antony
Robin Williams
Maya Angelou
Chester Bennington
Kurt Cobain
Gene Kelly
Louis Armstrong
Yukio Mishima
Frank Zappa
Sergei Eisenstein
Eva Braun
Hedy Lamarr
George Gershwin
Nero
Erwin Schrödinger
Fred Astaire
Chris Cornell
Sylvia Plath
Virginia Woolf
Ho Chi Minh
Alexander McQueen
Charlemagne
Ernest Hemingway
Anthony Bourdain
Dusty Springfield
Oliver Cromwell
Heinrich Himmler
Robert Enke
Stephen Hawking
Roh Moo-hyun
Charles Dickens
Kublai Khan
Christopher Columbus
Hunter S. Thompson
Avicii
Galileo Galilei
Catherine the Great
Kate Spade
Edith Piaf
Joseph Goebbels
Mark Rothko
Eddie Van Halen
Spalding Gray
Marina Tsvetaeva
Leslie Nielsen
Joe DiMaggio
Deborah Kerr
Stan Lee
Carl Sagan
Ricky Hatton
Diane Keaton
 
Answer Stats
Answer % Correct
Adolf Hitler
86%
Kurt Cobain
77%
Robin Williams
68%
Cleopatra
57%
Eva Braun
51%
Avicii
48%
Ernest Hemingway
40%
Chester Bennington
36%
Virginia Woolf
35%
Anthony Bourdain
34%
Joseph Goebbels
32%
Sylvia Plath
32%
Heinrich Himmler
31%
Mark Antony
30%
Chris Cornell
28%
Alexander McQueen
18%
Kate Spade
18%
Hunter S. Thompson
16%
Nero
16%
Yukio Mishima
14%
Ricky Hatton
10%
Mark Rothko
9%
Robert Enke
8%
Marina Tsvetaeva
6%
Spalding Gray
6%
Roh Moo-hyun
4%
No matching quizzes found
Score Distribution
Percent of People with Each Score
Percentile by Number Answered
Your Score History
You have not taken this quiz since the last reset